Dublin Airport Destinations (Dublin, Ireland) - Map - Statistics

General Stats
  • This quiz has been taken 24 times
  • The average score is 168 of 205
Answers on the Map
Answers color-coded by a green-red scale on the quiz's map according to % correct below.
 
Answer Stats
Destination % Correct
Abu Dhabi
100%
Amsterdam
100%
Barcelona
100%
Beijing (Capital)
100%
Berlin
100%
Boston
100%
Brussels
100%
Cologne/Bonn
100%
Copenhagen
100%
Dallas/Fort Worth
100%
Denver
100%
Dubai (International)
100%
Edinburgh
100%
Frankfurt
100%
Geneva
100%
Hamburg
100%
Helsinki
100%
Isle of Man
100%
Istanbul
100%
Istanbul (Sabiha Gokcen)
100%
Lisbon
100%
London (City)
100%
London (Gatwick)
100%
London (Heathrow)
100%
London (Luton)
100%
London (Stansted)
100%
Los Angeles
100%
Lyon
100%
Madrid
100%
Miami
100%
Milan (Linate)
100%
Milan (Malpensa)
100%
Minneapolis/St. Paul
100%
Munich
100%
Naples
100%
New York (JFK)
100%
Oslo
100%
Paris (Charles de Gaulle)
100%
Paris (Orly)
100%
Porto
100%
Rabat
100%
Rome (Fiumicino)
100%
Seattle/Tacoma
100%
Sofia
100%
Toronto (Pearson)
100%
Vancouver
100%
Warsaw (Chopin)
100%
Warsaw (Modlin)
100%
Athens
95%
Atlanta
95%
Birmingham
95%
Cairo
95%
Cancún
95%
Chicago (O'Hare)
95%
Detroit
95%
Glasgow
95%
Kraków
95%
Las Vegas
95%
Liverpool
95%
Malta
95%
Manchester
95%
Marseille
95%
Newark
95%
Newcastle upon Tyne
95%
Nice
95%
Orlando
95%
Prague
95%
Riga
95%
San Francisco
95%
Turin
95%
Venice
95%
Vienna
95%
Zagreb
95%
Zürich
95%
Aberdeen
90%
Bordeaux
90%
Bristol
90%
Bucharest (Otopeni)
90%
Budapest
90%
Calgary
90%
Doha
90%
Düsseldorf
90%
Luxembourg
90%
Málaga
90%
Montréal (Trudeau)
90%
Nashville
90%
Philadelphia
90%
Pisa
90%
Seville
90%
Stockholm (Arlanda)
90%
Stuttgart
90%
Tirana
90%
Toulouse
90%
Valencia
90%
Washington (Dulles)
90%
Antalya
85%
Bari
85%
Basel/Mulhouse
85%
Bratislava
85%
Cardiff
85%
Catania
85%
Charlotte
85%
Cleveland
85%
Faro
85%
Ibiza
85%
Leeds/Bradford
85%
Palermo
85%
Salzburg
85%
Split
85%
Tallinn
85%
Tenerife (South)
85%
Verona
85%
Alicante
80%
Bergen
80%
Bilbao
80%
Bologna
80%
Burgas
80%
Dubrovnik
80%
Gdańsk
80%
Gran Canaria
80%
Halifax
80%
Indianapolis
80%
Innsbruck
80%
Inverness
80%
İzmir
80%
Jersey
80%
Kaunas
80%
Kos
80%
Larnaca
80%
Marrakesh
80%
Nantes
80%
Palma de Mallorca
80%
Poznań
80%
Raleigh/Durham
80%
Reykjavík
80%
Santorini
80%
St. John's
80%
Thessaloniki
80%
Vilnius
80%
Wroclaw
80%
Bergamo
75%
Brest
75%
Chania
75%
Chișinău
75%
Cluj-Napoca
75%
Corfu
75%
Funchal
75%
Hartford
75%
Heraklion
75%
Katowice
75%
Łódź
75%
Montpellier
75%
Paphos
75%
Pittsburgh
75%
Zadar
75%
Agadir
70%
Barbados
70%
Brindisi
70%
Cagliari
70%
Košice
70%
Lanzarote
70%
Menorca
70%
Murcia
70%
Rovaniemi
70%
Southampton
70%
Szczecin
70%
Trieste
70%
Tromsø
70%
Zakynthos
70%
East Midlands
65%
Girona
65%
Guernsey
65%
Lublin
65%
Olbia
65%
Rhodes
65%
Santander
65%
Dalaman
60%
Fuerteventura
60%
Grenoble
60%
Iași
60%
Kerry
60%
Santiago de Compostela
60%
Beauvais
55%
Charleroi
55%
Exeter
55%
Rennes
55%
Reus
55%
Rzeszów
55%
Alghero
50%
Asturias
50%
Biarritz
50%
Bodrum
50%
La Rochelle
50%
Bydgoszcz
45%
Donegal
45%
Memmingen
45%
Newquay
45%
Tours
45%
Enfidha
40%
Kittilä
40%
Lourdes
40%
Carcassonne
35%
Perpignan
35%
Bacău
30%
Nîmes
30%
No matching quizzes found
Score Distribution
Percent of People with Each Score
Percentile by Number Answered
Your Score History
You have not taken this quiz